000 00462cam a2200193ua 4500
001 3186
005 20260515113638.0
008 111012n ii |||gr||||Z||||||asm
040 _cMAIN
082 _a891.4513
100 1 _aBardoloi, Rajani Kanta,
245 1 1 _aManomati
_cby Rajani Kanta Bardoloi
250 _a1st.
260 _aGuahati:
_bSahitya Prakash,
_c2001.
300 _a171p:
_c23cm.
653 _aAssamese novel
653 _aManomati
942 _cBK
999 _c3030
_d3030